000 00546nam a22001937a 4500
003 BUBTL
008 190325b xxu||||| |||| 00| 0 eng d
020 _a978-81259-3096-9
082 _a530.15 / GUM
100 _92191
_aB D Gupta
245 _aMathematical physics /
_cB D Gupta
250 _a4th ed.
260 _aNew Delhi :
_bVikas Publishing House Pvt Ltd
_cc2010.
300 _axvi, 1000 p. :
650 0 _92192
_aCivil Engineering
856 _k0
_l0
_yDownload
942 _2ddc
_cBK
999 _c5920
_d5920